| 000 -LEADER |
| fixed length control field |
00711cam a2200241 a 4500 |
| 001 - CONTROL NUMBER |
| control field |
2911059 |
| 005 - DATE AND TIME OF LATEST TRANSACTION |
| control field |
20180208065753.0 |
| 008 - FIXED-LENGTH DATA ELEMENTS--GENERAL INFORMATION |
| fixed length control field |
880816s1989 enka b 001 0 eng |
| 010 ## - LIBRARY OF CONGRESS CONTROL NUMBER |
| LC control number |
88025487 |
| 020 ## - INTERNATIONAL STANDARD BOOK NUMBER |
| International Standard Book Number |
0198286155 : |
| Terms of availability |
$49.95 (U.S.) |
| 040 ## - CATALOGING SOURCE |
| Original cataloging agency |
DLC |
| Transcribing agency |
DLC |
| Modifying agency |
DLC |
| 041 ## - LANGUAGE CODE |
| Language code of text/sound track or separate title |
eng |
| 051 ## - LIBRARY OF CONGRESS COPY, ISSUE, OFFPRINT STATEMENT |
| Classification number |
HB145 |
| Item number |
.E27 1990 |
| Copy information |
Reprinted (with revisions) 1990 |
| 080 ## - UNIVERSAL DECIMAL CLASSIFICATION NUMBER |
| Universal Decimal Classification number |
339.5 fra |
| 082 00 - DEWEY DECIMAL CLASSIFICATION NUMBER |
| Classification number |
339.5 fra |
| Edition number |
19 |
| 100 ## - Rafti |
| Rafti |
52 |
| 101 ## - Shkurtesa |
| Shkurtesa |
eco |
| 245 04 - TITLE STATEMENT |
| Title |
The Economics of missing markets, information, and games / |
| Statement of responsibility, etc |
edited by Frank Hahn. |
| 504 ## - BIBLIOGRAPHY, ETC. NOTE |
| Bibliography, etc |
Bibliography: p. [477]-505. |
| 906 ## - LOCAL DATA ELEMENT F, LDF (RLIN) |
| a |
7 |
| b |
cbc |
| c |
orignew |
| d |
1 |
| e |
ocip |
| f |
19 |
| g |
y-gencatlg |
| 942 ## - ADDED ENTRY ELEMENTS (KOHA) |
| Source of classification or shelving scheme |
|
| Item type |
Books |